000 03781cam a2200325 4500500
005 20260329020632.0
041 _afre
042 _adc
100 1 0 _aVultaggio, Fabrice
_eauthor
700 1 0 _aBianchi-Demicheli, Francesco
_eauthor
245 0 0 _aConsommation de pornographie et comportements sexuels chez les médecins – Une enquête transversale
260 _c2026.
500 _a21
520 _aObjectifs. Malgré leur rôle central dans la santé sexuelle, les comportements intimes et la consommation de pornographie des médecins restent peu étudiés. Cette enquête constitue la première évaluation systématique de ces aspects chez les médecins. Méthodes. Une enquête transversale anonyme a été menée en ligne auprès de médecins de cinq spécialités hospitalières. Les variables incluaient la fréquence de consommation de pornographie, l’activité sexuelle hebdomadaire, le nombre annuel de partenaires et les données sociodémographiques. Les analyses ont utilisé le test exact de Fisher et des méthodes non paramétriques. Résultats. Cent vingt médecins ont participé (60 hommes, 60 femmes ; âge moyen : 31,6 ± 4,8 ans). La consommation de pornographie était plus fréquente chez les hommes que chez les femmes (86,7 % vs 46,7 %, p < 0,001). Les consommateurs rapportaient une activité sexuelle plus élevée (2,68 vs 1,58 fois/semaine, p = 0,04) et davantage de partenaires (2,58 contre 1,43/an, p = 0,029). Les médecins célibataires déclaraient plus de partenaires que ceux en couple ou mariés (p < 0,01). Conclusions. La pornographie est couramment consommée par les médecins, particulièrement les hommes, et s’associe à une activité sexuelle plus intense et à un plus grand nombre de partenaires. Ces comportements sexuels apparaissent comparables à ceux de la population générale. Ces résultats invitent à investiguer les motivations intrinsèques d’une telle consommation.
520 _aObjectives. Despite physicians’ central role in sexual health, their own sexual behaviors and pornography use remain largely unexplored. This study provides the first systematic assessment of these aspects among physicians. Methods. An anonymous cross-sectional online survey was conducted among physicians from five hospital specialties. Variables included pornography use frequency, weekly sexual activity, annual number of sexual partners, and demographics. Analyses were performed using Fisher’s exact test and nonparametric statistics. Results. A total of 120 physicians participated (60 men, 60 women; mean age 31.6 ± 4.8 years). Pornography use was more frequent among men than women (86.7% vs. 46.7%, p < 0.001). Users reported higher sexual activity (2.68 vs. 1.58 times/week, p = 0.04) and more partners (2.58 vs. 1.43/year, p = 0.029). Single physicians reported more partners than those in relationships or married (p < 0.01). Conclusions. Pornography consumption is common among physicians, especially men, and correlates with higher sexual activity and more partners. These sexual behaviors appear comparable to the general population. These results invite further investigation into the intrinsic motivations behind such consumption.
690 _acomportement sexuel
690 _amédecins
690 _apornographie
690 _asanté publique
690 _asanté sexuelle
690 _atabou médical
690 _amedical taboo
690 _aphysicians
690 _apornography
690 _apublic health
690 _asexual behavior
690 _asexual health
786 0 _nSexologies | 34 | 4 | 2026-03-18 | p. 221-229 | 1158-1360
856 4 1 _uhttps://stm.cairn.info/revue-sexologies-2025-4-page-221?lang=fr&redirect-ssocas=7080
999 _c1906885
_d1906885